00940nas a2200241Ia 4500001001100000003000900011008004100020040001300061040001300074041001300087100003800100210002300138222002300161245010100184250001100285260002100296501008600317300000900403310001200412362003400424500020400458650003600662R026/43470IT-RoPAU151124c99999999xx |||||||||||| ||und|| aIT-RoPAU cIT-RoPAU aITALIANO aAA.VV. gCodice Aut. SPICS: 12000 aNOSTRO CINEMA (IL) aNostro Cinema (Il) aNOSTRO CINEMA (IL), ANNO 10-N.111 (MAGGIO 1972)bNostro Cinema (Il), Anno 10-N.111 (Maggio 1972) a1a ed. aROMAbACECc1972 bPaulus - SPICS - Società San Paolo EM (non-commercial uses only)cCopyright2015 a4 p. aMENSILE aANNO 010, N.111 (MAGGIO 1972) aMessaggio del Papa per la Vi Giornata Mondiale Delle Comunicazioni Sociali. Valutazioni Morali dei Film. Rassegna dei Film. Regolamento per i Sas (Servizio Assistenza Sale). Interventi per il Teatro. aCINEMAvPUBBLICAZIONE PERIODICA